El Niño Pícaro Literario de los Siglos de Oro /

Estudio sobre los pícaros niños o jóvenes que tuvieron algún protagonismo en diversas obras literarias de los siglos de oro. Estudia las causas del desarrollo familiar, de la educación en diversos ambientes, de la personalidad del niño pícaro, comparando en lo posible niños-pícaros literarios con ni...

Celý popis

Uloženo v:
Podrobná bibliografie
Hlavní autor: Gómez Yebra, Antonio A. (autor)
Médium: Kniha
Jazyk:španělština
Vydáno: Barcelona, España : Anthropos, 1988
Edice:(Ambitos Literarios. Ensayo ; 25)
Témata:
Tagy: Přidat tag
Žádné tagy, Buďte první, kdo vytvoří štítek k tomuto záznamu!

MARC

LEADER 00000nam^a2200000^a^4500
001 000026361
005 20250521000000.0
009 20260310084729.25
020 |a 84-7658-109-2 
037 |a Acervo ITESO - Biblioteca 
041 |a ESP 
082 |a 864.  |b GOM 
100 |a Gómez Yebra, Antonio A.  |e (autor) 
245 1 3 |a El Niño Pícaro Literario de los Siglos de Oro /  |c A.A. Gómez Yebra. 
264 1 |a Barcelona, España :  |b Anthropos,  |c 1988 
300 |a 189 p. 
336 |a texto  |b txt  |2 rdacontenido 
337 |a sin mediación  |b n  |2 rdamedio 
338 |a volumen  |b nc  |2 rdasoporte 
440 1 |a (Ambitos Literarios.  |p Ensayo ;  |v 25) 
520 |a Estudio sobre los pícaros niños o jóvenes que tuvieron algún protagonismo en diversas obras literarias de los siglos de oro. Estudia las causas del desarrollo familiar, de la educación en diversos ambientes, de la personalidad del niño pícaro, comparando en lo posible niños-pícaros literarios con niños-pícaros reales. 
649 |a XX 
650 |a Literatura Española -  |x Historia y Crítica 
650 |a Literatura Picaresca -  |x Historia y Crítica 
650 |a Niños en la Literatura -  |z España 
910 |a Fondo General 
920 |a Impresos - Libros 
930 |a Colección General 
940 |a Literatura 
905 |a 101 
901 |a 0263610100  |b IT1  |c LIT  |i 026361  |u 20250521 
902 |a https://opac.biblio.iteso.mx/vufind/Record/000026361